000 01106nam a2200301 i 4500
001 000026749
003 DO-SdBNP
005 20250606133741.0
007 ta
008 110325s1958 dr 000 0 spa d
040 _aDO-SdBNP
_bspa
_cBNPHU
_erda
041 _aspa
082 4 _a972.93697
_bC744co
_222
100 1 _aConcepción, J. Agustín,
_eautor
_4aut.
_922539
245 1 0 _aConstanza /
_cJ. Agustín Concepción.
264 1 _aCiudad Trujillo, República Dominicana :
_b[editor no identificado] ;
_c1958.
300 _a116 páginas :
_bilustraciones, retratos. ;
_c26 cm.
336 _atexto
_btxt
_2rdacontent
337 _asin mediación
_bn
_2rdamedia
338 _avolumen
_bnc
_2rdacarrier
500 _aObra preparada con motivo del primer cincuentenario de la erección del municipio
500 _aIncluye referencias bibliográficas y notas al pie de las páginas
500 _aIncluye índice de nombres.
590 _aInventariado, 2021 / DG
651 4 _aConstanza (República Dominicana)
_xHistoria
_95208
910 _aD/G/Validado. Control de calidad MFF
942 _2ddc
_cLBS1
999 _c26241
_d26241